| 000 | 00400nam a2200145 a 4500 | ||
|---|---|---|---|
| 001 | 3368 | ||
| 003 | CDMR | ||
| 005 | 20130411170915.0 | ||
| 008 | 130130s1973||||||||||||||||||||||||||||d | ||
| 040 |
_aCDMR _bcat _cCDMR |
||
| 100 | 1 |
_aMonegal, Ferran _92858 |
|
| 245 | 1 | 0 |
_aRevistas de teatro aparecidas en Barcelona _b: de los orĂgenes a 1900 _cFernando Monegal |
| 260 |
_aBarcelona _c1973 |
||
| 942 |
_cTSN _2udc |
||
| 999 |
_c3368 _d3368 |
||